| 000 | 00377nam a2200133Ia 4500 | ||
|---|---|---|---|
| 008 | 231129s9999||||xx |||||||||||||| ||spa|| | ||
| 020 | _a84-226-1467-7 | ||
| 040 | _bspa | ||
| 082 | _a306.8742 S587n | ||
| 100 | _aSilver Nan | ||
| 245 | 0 | _aNormas educativas para padres responsables | |
| 264 | _aCírculo de Lectores | ||
| 942 |
_2ddc _cBKS |
||
| 999 |
_c21771 _d21771 |
||